Music Quiz

Random Music or Song Quiz

The Last Word: US Bands Quiz Stats

Quiz Updated Jul 22, 2016

Challenge
Share
Tweet
Embed
Score 0/36 Timer 05:00
1 Play Today
Hint Answer % Correct
Guns N' RosesMine
98.2%
EaglesCalifornia
97.9%
The Beach BoysFun
96%
Backstreet BoysWay
95.2%
Backstreet BoysLife
93.3%
BlondieAnother
93%
Guns N' RosesJungle
91.2%
R.E.M.Religion
89.4%
The DoorsFire
89.4%
MetallicaMatters
89.1%
The Beach BoysNice
87.9%
Van HalenMe
86.7%
MetallicaSandman
83.9%
The Mamas & the PapasDreamin'
83.7%
Guns N' RosesCity
82.5%
Red Hot Chili PeppersBridge
79%
Backstreet BoysHeart
78.7%
The DoorsStorm
75.6%
Hint Answer % Correct
BlondieHigh
74.9%
Red Hot Chili PeppersTissue
73.7%
R.E.M.People
72%
Red Hot Chili PeppersAway
71.3%
R.E.M.Hurts
70.3%
The Beach BoysAround
68.2%
The DoorsThrough
67%
EaglesLimit
66%
The RamonesBop
65.7%
Van HalenDevil
64.8%
Van HalenLove
63.2%
MetallicaPuppets
63%
The Mamas & the PapasMonday
62.7%
EaglesEasy
61.6%
The RamonesRocker
56.4%
BlondieThis
51.9%
The RamonesFamily
47.9%
The Mamas & the PapasAlley
12.5%

You're not logged in!

Compare scores with friends on all Sporcle quizzes.
Join for Free
OR
Log In

You Might Also Like...

Show Comments

Extras

Top Quizzes Today


Score Distribution

Your Account Isn't Verified!

In order to create a playlist on Sporcle, you need to verify the email address you used during registration. Go to your Sporcle Settings to finish the process.

Report this User

Report this user for behavior that violates our Community Guidelines.

Details: